000 00488nam a2200193Ia 4500
008 151121s9999||||xx |||||||||||||| ||und||
082 _a297/ROY
082 _bHNW-58414
100 _aRoy M। N।
245 4 _aThe Historical Role Of Islam
260 _b"Ajanta Pub।, Delhi।"
260 _c--
300 _a91
600 _aRoy M। N।
630 _aThe Historical Role Of Islam
700 _aRoy M। N।
730 _aThe Historical Role Of Islam
942 _cBOOK
999 _c1240264
_d1240261